| 000 | 01365nam a2200325 i 4500 | ||
|---|---|---|---|
| 003 | EG-GICUC | ||
| 005 | 20260127162133.0 | ||
| 008 | 260127s2009 ua ||||fr|||| 00| 0 ara d | ||
| 017 | _a2008/23714 | ||
| 020 | _a9789770458628 | ||
| 040 |
_a EG-GICUC _bara _c EG-GICUC _d EG-GICUC _erda |
||
| 041 | _aara | ||
| 082 | 0 | 4 |
_221 _a343.91 _bح س . أ |
| 092 | 0 | 4 | _221 |
| 099 | _aLaw1 10 343.91 ح س . أ 1 ed - 2009 | ||
| 100 | 0 |
_aحسنى الجندي _eمؤلف. |
|
| 245 | 1 | 0 |
_aأصول الإجراءات الجزائية فى الإسلام (دراسة مقارنة) : _bبين قانون الإجراءات الجزائية فى دولة الإمارات العربية المتحدة وبعض التشريعات العربية / _cتأليف الدكتور حسنى الجندي. |
| 250 |
_aالطبعة الأولى، _bسنة 2009. |
||
| 264 | 1 |
_aالقاهرة : _bدار النهضة العربية، _c2009. |
|
| 300 |
_a439 صفحة ; _c24 سم. |
||
| 336 |
_2rda content _atext |
||
| 337 |
_2rda media _aComputer |
||
| 338 |
_2rda carrier _aOnline Resource |
||
| 504 | _aيشتمل على إرجاعات ببليوجرافية. | ||
| 650 | 1 | _aالقانون الجنائي | |
| 650 | 1 | _aالنظام الجنائي الإسلامي | |
| 856 | 4 | 0 | _uhttps://fll.law.cu.edu.eg/fulltext/bks/B10-08059.pdf |
| 905 | _a43 | ||
| 942 |
_2ddc _n0 _cBK _e21 |
||
| 999 |
_c59678 _d59678 |
||